Στον πύργο του Κυανοπώγωνα : λίγες σημειώσεις για ένα νέο ορισμό της κουλτούρας
Saved in:
| Main Author: | |
|---|---|
| Other Authors: | |
| Format: | Book |
| Language: | Greek English |
| Published: |
Αθήνα :
Scripta,
2002.
|
| Series: | Πολιτισμική θεωρία - Κριτική (Scripta)
|
| Subjects: | |
| Tags: |
Add Tag
No Tags, Be the first to tag this record!
|
MARC
| LEADER | 00000cam a2200000 i 4500 | ||
|---|---|---|---|
| 001 | 1/85757 | ||
| 008 | 050920s2002 gr | ||| |||| ||gre|| | ||
| 020 | |a 9607909402 | ||
| 035 | |l 10080356 | ||
| 040 | |a GR-MyUA |b gre |e AACR2 | ||
| 041 | 1 | |a gre |h eng | |
| 082 | 7 | |a 909.825 |2 (22) | |
| 100 | 1 | |a Steiner, George, |d 1929-2020. | |
| 245 | 1 | 0 | |a Στον πύργο του Κυανοπώγωνα : |b λίγες σημειώσεις για ένα νέο ορισμό της κουλτούρας / |c George Steiner ; μετάφραση, εισαγωγή: Σεραφείμ Βελέντζας. |
| 260 | |a Αθήνα : |b Scripta, |c 2002. | ||
| 300 | |a 175 σ. ; |c 19 εκ. | ||
| 490 | 1 | |a (Πολιτισμική θεωρία - Κριτική / Scripta) | |
| 500 | |a Μετάφραση από τα αγγλικά. | ||
| 500 | |a Τίτλος πρωτοτύπου: In Bluebeard's castle. | ||
| 504 | |a Περιέχει βιβλιογραφία. | ||
| 650 | 0 | 0 | |a Civilization, Modern |y 1950- |
| 700 | 1 | |a Βελέντζας, Σεραφείμ, |e trl |e aui | |
| 830 | 0 | |a Πολιτισμική θεωρία - Κριτική (Scripta) | |
| 852 | |a INST |b LESVOS |e 20050920 |h 909.825 STE |p 005100032609 |q 005100032609 |t BK |y 0 | ||
| 901 | |a BIBL1-2005-3 | ||
| 909 | |a Λ |b 116241 | ||
| 920 | |a ΔΙΕΥΡΥΝΣΗ |b ΕΠΕΑΕΚ-ΤΚ |y Λέσβος |z 2004-10 | ||
| 970 | |a ΚΑΡΑ |b ΓΙΑΣΕΜΗ |z 2005/09/20 | ||